| 000 | 00000nam##2200000za#4500 |
| 001 | 9.642235 |
| 003 | CaOODSP |
| 005 | 20210624223612 |
| 007 | cr ||||||||||| |
| 008 | 150407|1992||||xxc|||||o f|0| 0 fre|d |
| 040 | |aCaOODSP|bfre |
| 043 | |an-cn--- |
| 086 | 1 |aA63-1670/1992F-PDF |
| 110 | 1 |aCanada.|bAgriculture Canada. |bDirection générale de recherche. |
| 245 | 10|aAlimentation des vaches et des génisses de boucherie / |h[ressource électronique]|c[par] L.M. Rode, R. Hironaka et D.M. Bowden. |
| 250 | |aRévision 1992 |
| 260 | |aOttawa - Ontario : |bAgriculture Canada. |cc1992. |
| 300 | |a60p.|bfigures, références, tableaux |
| 500 | |aPublication historique numérisée par Agriculture et Agroalimentaire Canada. Éd. originale : 1980. |
| 590 | |a13-17-Supp|b2013-07-25 |
| 691 | 07|aAlimentation animale|2gcpds |
| 691 | 07|aBovin|2gcpds |
| 691 | 07|aÉlevage|2gcpds |
| 775 | 08|tFeeding beef cows and heifers / |w(CaOODSP)9.697785 |
| 776 | 0#|tAlimentation des vaches et des génisses de boucherie / |w(CaOODSP)9.678832 |
| 856 | 40|ahttp://publications.gc.ca|qPDF|s3.19 Mo|uhttps://publications.gc.ca/collections/collection_2013/aac-aafc/agrhist/A63-1670-1992-fra.pdf |
| 986 | |a1670/F |